000 01146nam a2200325 a 4500
008
020 _a9781506353647 (paperback)
040 _aNUST
_cNUST
049 _aMAIN
090 _aLB1585.3
_bALM
100 1 _aAlmarode, John.,
_aauthor.
245 1 0 _aFrom snorkelers to scuba divers in the elementary science classroom :
_bstrategies and lessons that move students toward deeper learning/
_c John Almarode & Ann M Miller.
260 _aThousand Oaks, California :
_bCorwin,
_c2018.
300 _axviii, 184 pages :
_billustrations (some colour) ;
_c26 cm.
336 _atext
_btxt
_2rdacontent
337 _aunmediated
_bn
_2rdamedia
338 _avolume
_bnc
_2rdacarrier
500 _aIncludes index.
504 _aIncludes bibliographical references.
650 1 _aScience
_xStudy and teaching (Elementary).
650 _aScuba diving.
650 _aSkin diving.
650 _aUnited States.
650 _aConcept learning.
700 _aMiller, Ann M.,
_aauthor.
907 _a.b10405549
_b17-06-21
_c17-06-21
003
005 20230123141205.0
942 _cBOOKS
_kLB1585.3
_mALM
999 _c169235
_d169235